| 000 | 00628nam a22002177a 4500 | ||
|---|---|---|---|
| 003 | OSt | ||
| 005 | 20220107122717.0 | ||
| 008 | 130530b xxu||||| |||| 00| 0 eng d | ||
| 040 | _cIIITM-K | ||
| 082 | _a418.01421090013 JAY/M | ||
| 245 |
_aManavika Sabdavali: _bCharithram, Purathathwam, Raashtrathanthram _cedited by K Jayakumar |
||
| 260 |
_aThiruvanathapuram, _bState Institute of Languages, _c1994. |
||
| 300 | _axx, 247p. | ||
| 650 |
_aGLOSSARY _9924 |
||
| 650 |
_aHUMANITIES _9925 |
||
| 650 |
_aHISTORY _9926 |
||
| 650 |
_aARCHAEOLOGY _9927 |
||
| 650 |
_aPOLITICS _9928 |
||
| 700 |
_aK Jayakumar _9929 |
||
| 942 |
_2ddc _cRBK |
||
| 999 |
_c3074 _d3074 |
||